| 000 | 00565nam a22001817a 4500 | ||
|---|---|---|---|
| 003 | CEME | ||
| 005 | 20210628205951.0 | ||
| 008 | 210209b xxu||||| |||| 00| 0 eng d | ||
| 020 | _a0-471-06580-3 | ||
| 040 | _c. | ||
| 082 | _a576.6484 BAC | ||
| 100 |
_aHammer, Daniel.A Wood, H. Alan Granados, Robert.R _977701 |
||
| 245 | _aBaculovirus expression systems and biopesticides | ||
| 260 |
_aNEWYORK _bWILY-LISS _c1995 |
||
| 300 | _a259P | ||
| 650 |
_aBACULOVIRUSES-BIOTECHNOLOGY INSECT CELL BIOTECHNOLOGY BIOLOGICAL PEST CONTROL AGENTS _977702 |
||
| 942 |
_cBK _2ddc |
||
| 999 |
_c582924 _d582924 |
||